00535 2200193 4500001002100000005001500021035002000036245006200056100001800118300003000136260003000166082001000196084001600206020002200222650001600244650002500260008004100285990001500326INLIS00000000000043720260224104140 a0010-02260000691 aDARI PUNCAK KHILAFAH (SEJARAH ARAB-ISLAM) /cEUGENE ROGAN1 aROGAN, EUGENE av, 775 hlm. ;c15 x 23 cm aJakarta :bSERAMBI,c2017 a297.6 a297.6 ROG d a978-602-290-080-1 aAgama Islam aSejarah Arab - Islam260224 g 0 ind  a0378/BB/18